| 000 | 00566nam a2200181Ia 4500 | ||
|---|---|---|---|
| 008 | 100920s9999 xx 000 0 und d | ||
| 082 |
_b56679 _a24 थ 88 |
||
| 100 | _aजावडेकर सुबोध. | ||
| 245 | _aआकांत. | ||
| 260 |
_bग्रंथाली, अभिनव वाचक-चळवळ नेहरूनगर मुंबई 24. _c1988 |
||
| 300 |
_a102 _bसाधी |
||
| 365 | _b25 | ||
| 520 | _aसायो. | ||
| 630 | _aआकांत. | ||
| 650 | _aसायो. | ||
| 730 | _aआकांत. | ||
| 942 | _cBOOK | ||
| 999 |
_c700724 _d700721 |
||